特急列車の自由席区間(1967年10月) - Statistics

General Stats
  • This quiz has been taken 10 times
  • The average score is 38 of 40
Answer Stats
区間 % Correct
博多
100%
佐世保
100%
熊本
100%
名古屋
100%
広島
100%
下関
100%
大分
100%
長崎
100%
大阪
100%
宮崎
100%
米子
100%
金沢
100%
富山
100%
秋田
100%
青森
100%
新潟
100%
長野
100%
甲府
100%
松本
100%
福島
100%
仙台
100%
盛岡
100%
山形
100%
秋田
100%
郡山
100%
会津若松
100%
帯広
100%
釧路
100%
札幌
100%
旭川
100%
網走
100%
釧路
100%
西鹿児島
88%
浜田
88%
長岡
88%
軽井沢
88%
徳山
75%
門司港
75%
延岡
63%
新大阪
63%
No matching quizzes found
Score Distribution
Percent of People with Each Score
Percentile by Number Answered
Your Score History
You have not taken this quiz